[Event "HCL-A2560"]
[Site "www.playchess.de"]
[Date "2006.02.04"]
[Round "10"]
[White "maus"]
[Black "RUDI"]
[WhiteElo "1367"]
[BlackElo "1246"]
[PlyCount "73"]
[Result "1-0"]

1.e4 e5 {Hallo}  2.Nf3 {hi}  Nc6 3.Bc4 Bc5 4.Nc3 
Nge7 5.Nxe5 O-O 6.Nd3 a6 7.Nxc5 d6 8.Nb3 b5 9.Bd5 
Bd7 10.d4 b4 11.Ne2 Ra7 12.Bg5 Kh8 13.O-O f6 
14.Bxc6 Nxc6 15.Be3 Rb7 16.Qd3 a5 17.a3 Re8 18.d5 
Ne5 19.Qa6 Rb5 20.Nbd4 Rb6 21.Qxa5 Qa8 22.axb4 
Qxa5 23.bxa5 Rxb2 24.a6 Ra8 25.a7 Nc4 26.Rfb1 
Rxb1+ 27.Rxb1 Nb6 28.Ra1 g5 29.Ne6 Bxe6 30.dxe6 
Nc8 31.Bd4 Kg7 32.Ng3 c5 33.Nf5+ Kf8 34.Bxf6 Rxa7 
35.Rxa7 Nxa7 36.Nxd6 Nc6 37.Bxg5 1-0

[Event "HCL-E1562"]
[Site "www.playchess.de"]
[Date "2006.02.04"]
[Round "3"]
[White "Josef1901"]
[Black "hal1958"]
[WhiteElo "1573"]
[BlackElo "1449"]
[PlyCount "75"]
[Result "1-0"]

1.d4 Nf6 {have a nice game}  2.c4 {hi! good luck}  
c5 3.dxc5 Qa5+ 4.Nc3 Qxc5 5.Nf3 d6 6.e4 e5 7.Be2 
h6 8.O-O Be7 9.Be3 Qc7 10.Nb5 Qc6 11.Qc2 a6 12.Nc3 
O-O 13.Rac1 Be6 14.b3 Nbd7 15.Rfd1 b6 16.Qb1 Nc5 
17.Nd5 Bxd5 18.cxd5 Qb7 19.Nd2 Nh7 20.b4 Nd7 
21.Rc6 b5 22.Rdc1 Rfc8 23.Nb3 Rxc6 24.dxc6 Qc7 
25.cxd7 Qxd7 26.Na5 Rc8 27.Rxc8+ Qxc8 28.Qc1 Qa8 
29.Qc6 Qxc6 30.Nxc6 Bg5 31.Bxg5 Nxg5 32.f3 Ne6 
33.Kf2 Kf8 34.Bd1 Ke8 35.Bb3 Nc7 36.Bd5 f6 37.Nb8 
Kd8 38.Bb7 1-0

[Event "HCL-B3782"]
[Site "www.playchess.de"]
[Date "2006.02.04"]
[Round "14"]
[White "Bense"]
[Black "Wilmy"]
[WhiteElo "1053"]
[BlackElo "1217"]
[PlyCount "97"]
[Result "1-0"]

1.e4 e5 {Hello to you, good luck and much 
pleasure!}  2.f3 {Good luck to you also.}  d5 3.d3 
Nf6 4.Bg5 c5 5.Nc3 Be6 6.Bxf6 gxf6 7.g4 Nc6 8.a3 
Bh6 9.Nb5 d4 10.Ne2 Be3 11.a4 a6 12.Na3 Qa5+ 13.c3 
b5 14.axb5 axb5 15.Nc2 Ba2 16.Nxe3 dxe3 17.Rg1 Qd8 
18.Bh3 b4 19.Rg3 c4 20.dxc4 Bxc4 21.g5 fxg5 
22.Rxa8 Qxa8 23.Qd7+ Kf8 24.Qd6+ Ne7 25.Qd1 f6 
26.cxb4 Kf7 27.Bf1 Qa2 28.Qc2 Rd8 29.Nc1 Qa1 
30.Bxc4+ Kg7 31.Rg2 Rc8 32.b3 Qd4 33.h4 h6 34.hxg5 
hxg5 35.Ne2 Qa1+ 36.Qc1 Qa7 37.Ng3 Ng6 38.Nf5+ Kf8 
39.Nxe3 Nf4 40.Rh2 Nd3+ 41.Bxd3 Rxc1+ 42.Nd1 {A 
bit of a mistake on my part I believe. Alcohol 
seriously limits the ability to play chess!}  Qg1+ 
43.Kd2 Qe1+ {Chess Playing and drinking alcoholic 
beverages, never do both at once! --- Hope to CU 
soon again!
Greeting from Berlin,
Wilm}  44.Kxe1 {I am not sure what has gone on 
here but things do not look as bad as they once 
did!}  Ra1 {Yes, my mouse slipped, and my poor 
Queen landed on e1, instead of beating your Horse 
on d1.
Now it's me who better should surrender.}  45.b5 
{I would not give up yet, my end game is awful.}  
Ra3 {Thanks for your helpful hint.}  46.Rb2 Ke7 
47.Nc3 Kd6 48.Nd5 Ke6 49.b6 1-0

[Event "HCL-B3784"]
[Site "www.playchess.de"]
[Date "2006.02.04"]
[Round "6"]
[White "wwjr"]
[Black "Wilmy"]
[WhiteElo "1200"]
[BlackElo "1217"]
[PlyCount "60"]
[Result "0-1"]

1.e4 e5 2.Nf3 Nc6 3.Bb5 Bc5 {Hello to you, good 
luck and much pleasure!}  4.O-O {Thanks. Wish you 
all the best, you too!}  Qf6 5.d3 Nd4 6.Nc3 c6 
7.Bc4 b5 8.Bb3 d6 9.Bg5 Nxf3+ 10.Qxf3 Qxg5 11.a4 
b4 12.Ne2 Nh6 13.a5 Bg4 14.Qe3 Bxe3 15.Ng3 Bc5 
16.a6 Qd8 17.Nf5 Nxf5 18.exf5 Qg5 19.c3 Bh3 20.g3 
Bxf5 21.Rfd1 Bh3 22.d4 Qf5 23.f4 exd4 24.cxd4 Bb6 
25.Rde1+ Kd7 26.Rad1 Rhe8 27.Ref1 Bxf1 28.Rxf1 
Bxd4+ 29.Rf2 Qh3 30.Bc2 Re1+ 0-1

[Event "HCL-E1569"]
[Site "www.playchess.de"]
[Date "2006.02.04"]
[Round "27"]
[White "hal1958"]
[Black "chess50"]
[WhiteElo "1431"]
[BlackElo "2160"]
[PlyCount "92"]
[Result "0-1"]

1.b4 {have a nice game}  e5 2.Bb2 f6 3.a3 a5 4.b5 
d5 5.a4 Bg4 6.g3 Bc5 7.Bg2 Ne7 8.Nf3 O-O 9.O-O Bb4 
10.c3 Bd6 11.d3 Nd7 12.Nbd2 Qe8 13.e4 Qg6 14.Qb1 
c6 15.exd5 cxd5 16.c4 Nb6 17.cxd5 Nbxd5 18.Ne4 Bb4 
19.Ba3 Bxa3 20.Rxa3 Rfd8 21.Nfd2 b6 22.Nc4 Rab8 
23.Ne3 Be6 24.Nxd5 Nxd5 25.Nc3 Nb4 26.Ne4 f5 
27.Nd2 e4 28.Nc4 Nxd3 29.Ne3 Rbc8 30.Rd1 Qg5 31.h4 
Qg6 32.Bf1 f4 33.Bxd3 Rxd3 34.Raxd3 exd3 35.Qxd3 
Qxd3 36.Rxd3 fxe3 37.Rxe3 Rc1+ 38.Kg2 Bd5+ 39.Kh3 
h5 40.g4 Rh1+ 41.Kg3 Rg1+ 42.Kf4 Rxg4+ 43.Ke5 Bf7 
44.Re4 Rxe4+ 45.Kxe4 Bb3 46.Kd4 
Bxa4 0-1

[Event "HCL-T257"]
[Site "www.playchess.de"]
[Date "2006.02.04"]
[Round "3"]
[White "stevetilbury"]
[Black "reddog"]
[WhiteElo "1562"]
[BlackElo "1819"]
[PlyCount "78"]
[Result "0-1"]

1.d4 d5 2.c4 e5 3.dxe5 {Hello again}  Be6 {Hello 
mate, this time i'll give you a real test - got 
myself in a mess on the d file last time!}  4.cxd5 
{interesting idea in this - i entered this opening 
as I have a an idea round move 7 or 8 in  the main 
line which has served me well}  Bxd5 {oh dear, now 
you've worried me. I've not really studied this 
counter gambit. During normal chess games i'll 
open with d4, c4 but no one has replied with this 
counter, so it's going to be interesting for us 
both}  5.Nc3 {After the game I'll mail you the 
games i've played, if you would like}  Bb4 {Yes 
that would be great,thanks very much}  6.Bd2 Be6 
7.Nf3 Nc6 8.e3 Nge7 9.Bb5 O-O 10.O-O Bg4 11.Be2 
Ng6 12.a3 Ba5 13.b4 Bb6 14.Qc2 Ncxe5 15.Nxe5 Nxe5 
16.Bxg4 Nxg4 17.h3 Nf6 18.Rad1 Qe7 19.Na4 Rfd8 
20.Bc3 Ne4 21.Nxb6 axb6 22.Bb2 b5 23.Rxd8+ Rxd8 
24.Rd1 Nd6 25.Qc3 f6 26.Rc1 c6 27.Qc5 Qf8 28.Ra1 
Nc4 29.Bd4 Qxc5 30.Bxc5 Kf7 31.a4 Ra8 32.Rd1 b6 
33.axb5 bxc5 34.bxc6 cxb4 35.Rd4 b3 36.Rxc4 b2 
37.Rb4 Ra1+ 38.Kh2 b1Q 39.c7 Qh1+ 0-1

[Event "HCL-E1526"]
[Site "www.playchess.de"]
[Date "2006.02.04"]
[Round "7"]
[White "HOTSUN"]
[Black "PLAYCHESS1963"]
[WhiteElo "1626"]
[BlackElo "1725"]
[PlyCount "58"]
[Result "0-1"]

1.e4 {happy christmas}  c5 {TO YOU TOO}  2.Nf3 d6 
3.d4 cxd4 4.Nxd4 Nf6 5.Nc3 a6 6.Bd3 e6 7.O-O Be7 
8.Re1 Qc7 9.Nf3 Nc6 10.a3 b5 11.b4 Nxb4 12.axb4 
Qxc3 13.Rb1 O-O 14.Bb2 Qc7 15.Ra1 e5 16.Bxb5 Bb7 
17.Bd3 Rfd8 18.c4 Nh5 19.Bc1 f5 20.exf5 Bf6 
21.Nxe5 dxe5 22.Qe2 e4 23.Ra3 Rxd3 24.Rxd3 exd3 
25.Qxh5 Qf7 26.Qg4 Bc3 27.Re3 d2 28.Rxc3 Qxf5 
29.Qe2 Qe4 0-1

[Event "HCL-A2542"]
[Site "www.playchess.de"]
[Date "2006.02.04"]
[Round "1"]
[White "HOTSUN"]
[Black "alvimrf"]
[WhiteElo "1603"]
[BlackElo "1784"]
[PlyCount "60"]
[Result "0-1"]

1.e4 {hi gl from london}  c5 {Hi from Brasil}  
2.Nf3 {hi from london}  Nc6 3.d4 e6 4.Nc3 a6 5.a4 
cxd4 6.Nxd4 Bb4 7.Qd3 Qf6 8.Nxc6 Bxc3+ 9.Qxc3 
Qxc3+ 10.bxc3 bxc6 11.Rb1 Nf6 12.f3 d5 13.Bd3 O-O 
14.e5 Nd7 15.f4 f6 16.exf6 Rxf6 17.O-O Nc5 18.Rb6 
{dont you think you should resign our other game 
in this  group(a2542) you cant win and you cant 
draw.i cant see a single move for you.}  Nxa4 
{HOTSUN, I can´t see the game A2542-2 in my page. 
I´m not playing this game with you!!! When I read 
this mensenger that you sent to me, I looked in my 
page and in my playing games... there is not 
A2542-2!!! There is a trouble in this game!}  
19.Rxc6 {yes,hehe that's why i said you can't 
win.must be a problem on playchess.this could be 
the only tournament that never gets finished.}  e5 
{hehe, english is not my nature language... so I 
ever understand literaly! hehe}  20.Rxf6 gxf6 
21.fxe5 fxe5 22.Bh6 Be6 23.Bxa6 Nxc3 24.h3 
{(offering draw)}  Bf7 {not yet}  25.Bb7 {ok}  Rb8 
26.Ba6 Rb6 27.Bd2 Ne4 28.Bd3 Nxd2 29.Bxh7+ Kg7 
30.Rd1 Rb1 0-1

[Event "HCL-A2572"]
[Site "www.playchess.de"]
[Date "2006.02.04"]
[Round "1"]
[White "pawnstorm"]
[Black "schlueter"]
[WhiteElo "1521"]
[BlackElo "1595"]
[PlyCount "55"]
[Result "1-0"]

1.f4 e5 {MY MOVE !!!!}  2.fxe5 {Very well}  Nc6 
3.Nc3 d6 4.exd6 Bxd6 5.Nf3 Bg4 6.g3 h5 7.Bg2 h4 
8.Nxh4 Rxh4 9.gxh4 Qxh4+ 10.Kf1 Bxh2 11.Qe1 Qf6+ 
12.Qf2 Qxf2+ 13.Kxf2 Be5 14.e3 O-O-O 15.d4 Bf6 
16.Bh3 Nh6 17.Bxg4+ Nxg4+ 18.Kf3 Nh6 19.a3 a6 
20.Bd2 Nf5 21.Ne4 Bxd4 22.exd4 Nfxd4+ 23.Kf2 f5 
24.Nc3 Nxc2 25.Rad1 Ne5 26.Bg5 Ng4+ 27.Kg3 Nd4 
28.Bxd8 1-0

[Event "HCL-A2524"]
[Site "www.playchess.de"]
[Date "2006.02.04"]
[Round "2"]
[White "zemljanin"]
[Black "Enibus"]
[WhiteElo "1405"]
[BlackElo "1700"]
[PlyCount "47"]
[Result "1-0"]

1.d4 {hi}  b6 2.e4 Ba6 3.c4 e6 4.a3 f5 5.e5 c6 
6.b4 b5 7.c5 g6 8.Nc3 Bc8 9.a4 bxa4 10.Rxa4 h5 
11.h4 Kf7 12.Nf3 Ne7 13.b5 cxb5 14.Nxb5 a6 15.Ng5+ 
Kg7 16.Nd6 Ng8 17.Ndf7 Qe8 18.Nxh8 Kxh8 19.Bc4 Nc6 
20.Be3 Nge7 21.Qa1 Bh6 22.Bxa6 Bxa6 23.Rxa6 Rxa6 
24.Qxa6 1-0

[Event "HCL-B3785"]
[Site "www.playchess.de"]
[Date "2006.02.04"]
[Round "19"]
[White "newplayer"]
[Black "GMO"]
[WhiteElo "1088"]
[BlackElo "1304"]
[PlyCount "142"]
[Result "0-1"]

1.e4 e5 2.Nc3 c6 3.Qf3 Nf6 4.d3 d6 5.Bg5 Be7 
6.Bxf6 Bxf6 7.O-O-O O-O 8.Qg3 Bh4 9.Qf3 g6 10.g3 
Bg5+ 11.Kb1 h5 12.Bh3 Qf6 13.Bxc8 Rxc8 14.Qxf6 
Bxf6 15.h4 Nd7 16.Nf3 a5 17.Na4 b5 18.Nc3 a4 19.b3 
axb3 20.cxb3 Nc5 21.b4 Nb7 22.Kb2 Be7 23.Rhg1 f6 
24.g4 hxg4 25.Rxg4 Kg7 26.h5 g5 27.Nh4 Rcg8 
28.Nf5+ Kf8 29.h6 Ke8 30.h7 Rh8 31.Rh1 Kd7 32.Nxe7 
Kxe7 33.Rg2 Kf7 34.Rgh2 Nd8 35.Ne2 Ne6 36.f3 Kg7 
37.Ng3 Nf8 38.Nf5+ Kf7 39.Nxd6+ Ke6 40.Nf5 Ra7 
41.d4 Raxh7 42.R2xh7 Rxh7 43.Rxh7 Nxh7 44.Kb3 Nf8 
45.a4 bxa4+ 46.Kxa4 Nd7 47.Ka5 exd4 48.Nxd4+ Kd6 
49.b5 cxb5 50.Kxb5 Ke5 51.Kc6 Nf8 52.Kc5 Ng6 
53.Nc6+ Kf4 54.Nd4 Nh4 55.Kd5 Nxf3 56.Ne2+ Ke3 
57.Ng3 {(offering draw)}  g4 58.Ke6 Kf4 59.Nh5+ 
{(offering draw)}  Ke3 60.Nxf6 g3 61.e5 g2 62.Kd5 
Nxe5 63.Kxe5 g1Q 64.Ke6 Qg6 65.Ke5 Qg5+ 66.Ke6 Kd4 
67.Kf7 Qf5 68.Ke7 Kc5 69.Nd7+ Kd5 70.Nb6+ Kc6 
71.Nd7 Qxd7+ {Sorry...}  0-1

[Event "HCL-B3793"]
[Site "www.playchess.de"]
[Date "2006.02.04"]
[Round "6"]
[White "djpnola"]
[Black "mrchess"]
[WhiteElo "1173"]
[BlackElo "1431"]
[PlyCount "120"]
[Result "0-1"]

1.f4 {Hello again.}  d5 {hello good game}  2.d4 e6 
3.Nf3 Be7 4.h4 Nd7 5.Be3 Ngf6 6.Nc3 Ng4 7.Qd3 Nxe3 
8.Qxe3 Bb4 9.O-O-O c6 10.Ne5 Qa5 11.Nxd7 Bxd7 
12.f5 Bxc3 13.Qxc3 Qxc3 14.bxc3 exf5 15.g3 O-O 
16.Bh3 Rfe8 17.Rde1 Re3 18.Kd2 Rxg3 19.Ref1 g6 
20.h5 Re8 21.Rf3 Rxf3 22.exf3 Kg7 23.h6+ Kg8 24.f4 
Re4 25.Rf1 {(offering draw)}  f6 {you are two 
pawns down}  26.a4 {Yes, I knew that. We just 
seemed a little bottled up.}  a5 27.Kd3 c5 28.Bg2 
Re7 29.Bxd5+ Kf8 30.c4 cxd4 31.Bxb7 Bxa4 32.Bd5 
Re3+ 33.Kd2 Rc3 34.Rc1 Rh3 35.Rb1 Rxh6 36.Rb8+ Ke7 
37.c3 dxc3+ 38.Kxc3 Rh4 39.Ra8 Rxf4 40.Rxa5 Bd1 
41.Ra7+ Kd6 42.Rxh7 Bf3 43.Bxf3 Rxf3+ 44.Kd4 g5 
45.Rh6 Ke6 46.c5 g4 47.c6 g3 48.c7 Kd7 49.Rh7+ Kc8 
50.Rg7 f4 51.Kd5 Rc3 52.Kd6 Kb7 53.Rf7 g2 54.Rg7 
f3 55.Ke6 Rxc7 56.Rg3 f2 57.Rxg2 f1Q 58.Rb2+ Kc8 
59.Rb6 Qa1 60.Rb5 Qa6+ 0-1

[Event "HCL-B3859"]
[Site "www.playchess.de"]
[Date "2006.02.04"]
[Round "1"]
[White "evets"]
[Black "djpnola"]
[WhiteElo "1392"]
[BlackElo "1128"]
[PlyCount "81"]
[Result "1-0"]

1.d4 d5 {Hello again.}  2.Nf3 Nc6 3.Nbd2 Bg4 4.c3 
Nf6 5.e3 e5 6.Qb3 Bxf3 7.Nxf3 Na5 8.Qa4+ c6 9.Nxe5 
b5 10.Bxb5 cxb5 11.Qxb5+ Nd7 12.Nxd7 Qxd7 13.Qxa5 
Be7 14.O-O O-O 15.Re1 Bd8 16.Qa6 Bc7 17.e4 Qd6 
18.Qxd6 Bxd6 19.e5 Rfe8 20.Bd2 Bc7 21.Re3 a5 22.a4 
f6 23.Rae1 fxe5 24.dxe5 Rab8 25.b4 axb4 26.cxb4 d4 
27.R3e4 g5 28.e6 h6 29.Rxd4 Rbd8 30.Rxd8 Bxd8 
31.b5 Kg7 32.Bb4 Kf6 33.e7 Bxe7 34.Bxe7+ Rxe7 
35.Rxe7 {You are no position to be exchanging 
pieces.  Good game!}  Kxe7 {Thanks.
}  36.a5 Kd7 37.a6 Kc7 38.a7 Kb7 39.b6 h5 40.Kf1 
h4 41.Ke2 1-0

[Event "HCL-A2483"]
[Site "www.playchess.de"]
[Date "2006.02.04"]
[Round "9"]
[White "saemi"]
[Black "Eishockeytorwart"]
[WhiteElo "1673"]
[BlackElo "1842"]
[PlyCount "72"]
[Result "0-1"]

1.e4 {Hello from Iceland}  e5 {hello from germany} 
 2.Nf3 Nc6 3.Bc4 Bc5 4.c3 Nf6 5.d4 exd4 6.cxd4 
Bb4+ 7.Nc3 Nxe4 8.O-O Bxc3 9.d5 Ne5 10.Nxe5 Bxe5 
11.Re1 Bxh2+ 12.Kf1 O-O 13.Rxe4 Qf6 14.Qd4 Qxd4 
15.Rxd4 Be5 16.Re4 d6 17.Rb1 Bf5 18.Bd3 Bxe4 
19.Bxe4 f5 20.Bf3 Rae8 21.Bd2 Rf7 22.g4 Bf4 
23.Bxf4 fxg4 24.Bxg4 Rxf4 25.f3 c5 26.Be6+ Kh8 
27.Kg2 Ref8 28.Bg4 Rd4 29.Be6 Rd2+ 30.Kg3 g5 31.a3 
h5 32.Rh1 h4+ 33.Kg4 Rg2+ 34.Kh3 Rg3+ 35.Kh2 Rfxf3 
36.Bc8 Rf2+ 0-1

[Event "HCL-C4066"]
[Site "www.playchess.de"]
[Date "2006.02.04"]
[Round "2"]
[White "Idris"]
[Black "nico21"]
[WhiteElo "880"]
[BlackElo "1472"]
[PlyCount "92"]
[Result "0-1"]

1.e4 {Hello}  c5 2.d3 Nf6 3.d4 {Happy New Year!}  
cxd4 4.Qxd4 Nc6 5.Qd3 e5 6.Nf3 Nb4 7.Qe2 Qc7 8.b3 
Nxc2+ 9.Kd1 Nxa1 10.Bb2 Nxb3 11.axb3 d6 12.Nc3 Be6 
13.Qc2 Qb6 14.Kc1 Bxb3 15.Qd3 Qxf2 16.Qb5+ Nd7 
17.Qxb3 Qb6 18.Qc4 Be7 19.Nd5 Qc6 20.Nc7+ Kd8 
21.Nxa8 Kc8 22.Qxc6+ bxc6 23.Bc4 f6 24.Kd2 Kb7 
25.Be6 Nc5 26.Bc4 Nxe4+ 27.Ke3 d5 28.Bd3 Bc5+ 
29.Ke2 Nd6 30.Ra1 e4 31.Bxe4 Nxe4 32.Rc1 Rxa8 
33.Rb1 Kc7 34.Kd3 a5 35.Kc2 a4 36.Nd2 Nxd2 37.Kxd2 
a3 38.Ra1 axb2 39.Rb1 Bd4 40.Kd3 c5 41.Kc2 Ra1 
42.Rxb2 Bxb2 43.Kxb2 Rh1 44.h3 c4 45.Kc3 Kc6 
46.Kd4 Rd1+ 0-1

[Event "HCL-M878"]
[Site "www.playchess.de"]
[Date "2006.02.04"]
[Round "8"]
[White "steinzell"]
[Black "Lorsch"]
[WhiteElo "1759"]
[BlackElo "1784"]
[PlyCount "40"]
[Result "1/2-1/2"]

1.Nf3 {viel Glück}  Nf6 {Gleichfalls und einen 
guten Rutsch ins neue Jahr!}  2.c4 g6 3.Nc3 Bg7 
4.e4 d6 5.d4 O-O 6.Be2 e5 7.Be3 Na6 8.O-O Ng4 
9.Bg5 Qe8 10.dxe5 dxe5 11.h3 f6 12.Bd2 Nh6 13.Be3 
c6 14.Nd2 Qe7 15.a3 Nc7 16.c5 Rd8 17.Qc2 Ne6 
18.Bc4 Nf7 19.b4 Nd4 20.Qa2 Be6 {(offering draw)} 
 1/2-1/2

[Event "HCL-C4079"]
[Site "www.playchess.de"]
[Date "2006.02.04"]
[Round "5"]
[White "Kelthek"]
[Black "Treebeard"]
[WhiteElo "612"]
[BlackElo "1239"]
[PlyCount "84"]
[Result "0-1"]

1.e4 e5 2.Nf3 Nc6 3.Bb5 a6 4.Ba4 Nf6 5.Nc3 b5 
6.Bb3 Bb4 7.O-O Bxc3 8.dxc3 O-O 9.Qd3 Bb7 10.Qe3 
Re8 11.Ng5 Rf8 12.Qh3 Na5 13.Re1 Nxb3 14.cxb3 Re8 
15.Rd1 d6 16.Rd3 Bxe4 17.Re3 h6 18.Nxf7 Kxf7 
19.Rg3 Qc8 20.Qh4 Bb7 21.Bxh6 gxh6 22.Qxh6 Rf8 
23.Qg7+ Ke6 24.Rh3 Bxg2 25.Kxg2 Rg8 26.Rh7 Rxg7+ 
27.Rxg7 Qb7+ {Man I should spend more time at my 
moves... consider 26. ... Nxh7 - that would have 
been game-over :-)}  28.Kf1 {lol...you and me 
both...still can't believe i lost my queen the way 
i did.}  Qh1+ {true :-) Well, I can promise more 
mistakes from me, don't worry this is not over yet 
:-)}  29.Rg1 Qxh2 30.Re1 Rg8 31.Rxg8 Nxg8 32.Re3 
Nf6 33.Rf3 Qh1+ 34.Ke2 Qa1 35.a4 Qxb2+ 36.Kd3 Qxb3 
37.a5 b4 38.Kd2 Qb2+ 39.Kd3 bxc3 40.Re3 c2 41.Re1 
c1Q 42.Rxc1 Qxc1 0-1

[Event "HCL-C4070"]
[Site "www.playchess.de"]
[Date "2006.02.04"]
[Round "5"]
[White "Kelthek"]
[Black "edi"]
[WhiteElo "589"]
[BlackElo "800"]
[PlyCount "65"]
[Result "0-1"]

1.Nf3 e6 2.g3 Nf6 3.Bg2 Bc5 4.O-O b6 5.d4 Bd6 
6.Bg5 h6 7.Bd2 Bb7 8.e3 O-O 9.Nh4 Bxg2 10.Nxg2 c5 
11.Nc3 Nc6 12.Nf4 cxd4 13.exd4 Nxd4 14.Re1 Rc8 
15.Ne4 Bxf4 16.Bxf4 Nxe4 17.Qxd4 d5 18.Be3 Rxc2 
19.Qe5 Qf6 20.f4 Qxe5 21.fxe5 Rxb2 22.Bd4 Rc2 
23.g4 Nd2 24.Re2 Nf3+ 25.Kf2 Nxd4 26.Rxc2 Nxc2 
27.Rc1 Nb4 28.a3 Nd3+ 29.Ke2 Nxc1+ 30.Kd2 Rc8 
31.h4 a5 32.g5 hxg5 33.hxg5 0-1

[Event "HCL-E1530"]
[Site "www.playchess.de"]
[Date "2006.02.04"]
[Round "13"]
[White "Alex87"]
[Black "XANDERKIRV"]
[WhiteElo "2100"]
[BlackElo "1519"]
[PlyCount "22"]
[Result "0-1"]

1.e4 {hi! Merry Christmass!}  c5 {Hello and good 
luck.}  2.c3 e6 3.d4 cxd4 4.cxd4 d6 5.Nc3 a6 6.Nf3 
h6 7.Bd3 b5 8.O-O Bb7 9.Re1 Be7 10.a3 Nf6 11.e5 
Nfd7 0-1

[Event "HCL-C4020"]
[Site "www.playchess.de"]
[Date "2006.02.04"]
[Round "20"]
[White "Peter_Richard"]
[Black "epenz"]
[WhiteElo "976"]
[BlackElo "937"]
[PlyCount "76"]
[Result "0-1"]

1.d4 {Hello again, and good luck!}  d5 {hi}  2.e3 
Nc6 3.Bb5 Bd7 4.Nc3 e6 5.Nf3 Nf6 6.O-O Be7 7.Re1 
O-O 8.Ne5 {Merry Christmas and a Happy New Year!}  
a6 {thanks...for you too!!!}  9.Bd3 b5 10.Nxd7 
Qxd7 11.e4 Nxd4 12.e5 Ne8 13.f4 f6 14.exf6 Nxf6 
15.Be3 Nc6 16.g3 e5 17.fxe5 Nxe5 18.Rf1 d4 19.Ne4 
Nxe4 20.Bxe4 Rxf1+ 21.Qxf1 Rf8 22.Qe2 dxe3 23.Qxe3 
c5 24.Rf1 Nc4 25.Qd3 Qxd3 26.Bxd3 Nxb2 27.Rxf8+ 
Bxf8 28.Kf2 Nxd3+ 29.Ke3 Ne5 30.Ke4 Nd7 31.Kd5 b4 
32.Kc6 Ne5+ 33.Kb6 Nf3 34.h3 Ng1 35.h4 Kf7 36.Kxa6 
Kf6 37.Kb6 Kf5 38.Kb5 Kg4 0-1

[Event "HCL-C4014"]
[Site "www.playchess.de"]
[Date "2006.02.04"]
[Round "10"]
[White "therapie"]
[Black "Milosforman"]
[WhiteElo "800"]
[BlackElo "937"]
[PlyCount "81"]
[Result "1-0"]

1.d4 {good game!}  d5 2.Nf3 e6 3.e3 Bd6 4.Bb5+ c6 
5.Bd3 Bd7 6.O-O Nf6 7.c4 dxc4 8.Bxc4 b5 9.Bd3 Ng4 
10.Nbd2 Na6 11.h3 Nf6 12.a3 Qb6 13.Qc2 O-O 14.Ne4 
Nxe4 15.Bxe4 f5 16.Bd3 b4 17.Bd2 b3 18.Qc4 Qb5 
19.Qxb5 cxb5 20.Rfc1 Rac8 21.Rxc8 Rxc8 22.Rc1 
Rxc1+ 23.Bxc1 Bc6 24.Bd2 Bxf3 25.gxf3 g5 26.Bxb5 
Nc7 27.Bc4 Kf7 28.Bxb3 h5 29.e4 f4 30.Bc4 Ke7 
31.e5 Bxa3 32.bxa3 Kf7 33.Bb4 Nd5 34.Bxd5 exd5 
35.Bc5 a5 36.Kf1 Ke6 37.Ke2 Kf5 38.a4 g4 39.hxg4+ 
hxg4 40.fxg4+ Kxg4 41.e6 1-0

[Event "HCL-C4005"]
[Site "www.playchess.de"]
[Date "2006.02.04"]
[Round "8"]
[White "donsimon"]
[Black "Kelthek"]
[WhiteElo "1052"]
[BlackElo "708"]
[PlyCount "158"]
[Result "1-0"]

1.e4 Nf6 2.Nc3 e5 3.Nf3 Qe7 4.d4 Nc6 5.Nd5 Nxd5 
6.exd5 exd4+ 7.Be2 Qb4+ 8.Nd2 Bc5 9.dxc6 d6 
10.cxb7 Bxb7 11.O-O d3 12.Bxd3 O-O 13.Qh5 h6 14.b3 
Qc3 15.Rb1 Qd4 16.Qf5 g6 17.Qh3 h5 18.Bb2 Qd5 
19.Be4 Qxd2 20.Bxb7 Rab8 21.Be4 Rbe8 22.Rbd1 Qe2 
23.Qc3 f6 24.Bxg6 Red8 25.Qg3 a5 26.Bd3+ Qg4 
27.Bc4+ Rf7 28.Bxf7+ Kxf7 29.Qc3 Ke8 30.Qe3+ Bxe3 
31.fxe3 f5 32.h3 Qg3 33.Rxf5 Kd7 34.Rxa5 Rg8 
35.Kf1 Qxg2+ 36.Ke1 Qf3 37.Kd2 Rg2+ 38.Kc3 Qxd1 
39.Kb4 Qxc2 40.Bf6 Qc6 41.Bd4 Qb7+ 42.Kc3 Qe4 
43.a4 Rh2 44.Rxh5 Qg6 45.Rh4 Qg3 46.Rh7+ Kc6 47.b4 
Qe1+ 48.Kb3 Qb1+ 49.Kc3 Rc2+ 50.Kd3 d5 51.b5+ Kd6 
52.Rh6+ Kd7 53.e4 Qf1+ 54.Kxc2 Qe2+ 55.Kc3 Qa2 
56.exd5 Qxd5 57.Rc6 Qa2 58.Ra6 Qa3+ 59.Kc4 Qxh3 
60.Ra7 Qh5 61.b6 Qe2+ 62.Kc5 Qc2+ 63.Kd5 Qc6+ 
64.Ke5 Qe6+ 65.Kf4 Kd6 66.b7 Qd5 67.b8Q Qxd4+ 
68.Kf5 Qe5+ 69.Kg4 Ke6 70.Qe8+ Kd6 71.Ra6+ c6 
72.Qxc6+ Ke7 73.Ra7+ Kf8 74.Qc8+ Qe8 75.Qf5+ Kg8 
76.Kg5 Qd8+ 77.Kg6 Qe8+ 78.Rf7 Kh8 79.Qf6+ 
Kg8 1-0

[Event "HCL-C4020"]
[Site "www.playchess.de"]
[Date "2006.02.04"]
[Round "16"]
[White "Peter_Richard"]
[Black "Kelthek"]
[WhiteElo "976"]
[BlackElo "597"]
[PlyCount "75"]
[Result "1-0"]

1.d4 {Hello and good luck!}  Nf6 {Good luck to you 
as well!}  2.e3 e6 3.Nc3 Bb4 4.Bd2 O-O 5.Nf3 d5 
6.Be2 Nc6 7.O-O {Merry Christmas, and a Happy New 
Year!}  Ng4 {And a Happy Holidays to you too!}  
8.h3 Nh6 9.a3 Bd6 10.Bd3 b6 11.Re1 Bb7 12.Nb5 Ba6 
13.e4 dxe4 14.Rxe4 Nf5 15.Bg5 Nce7 16.Nxd6 Qxd6 
17.Bxa6 Qd5 18.Qe2 h6 19.Bxe7 Rfe8 20.Bh4 f6 
21.Bc4 Qd6 22.Rxe6 Rxe6 23.Bxe6+ Kf8 24.Bxf5 Re8 
25.Qd3 g5 26.Bg3 Qc6 27.Re1 Rd8 28.b4 a5 29.b5 Qd5 
30.c4 Qf7 31.d5 h5 32.h4 g4 33.Nd4 c5 34.Ne6+ Ke7 
35.Nxd8+ Kxd8 36.Bd6 Qd7 37.Bxd7 Kxd7 
38.Re6 1-0

[Event "HCL-B3785"]
[Site "www.playchess.de"]
[Date "2006.02.04"]
[Round "15"]
[White "ulibear"]
[Black "mrchess"]
[WhiteElo "1302"]
[BlackElo "1440"]
[PlyCount "115"]
[Result "1/2-1/2"]

1.d4 {Happy New Year and best of luck}  d5 {thanks 
wish you the same}  2.c4 e6 3.Nc3 Nf6 4.Nf3 Be7 
5.Qc2 Nbd7 6.b3 c5 7.cxd5 cxd4 8.Nxd4 Qa5 9.dxe6 
Ne5 10.exf7+ Nxf7 11.Bd2 Qb6 12.e3 Bg4 13.Bb5+ Bd7 
14.Bxd7+ Nxd7 15.Nd5 Qd8 16.Nc7+ Kf8 17.Nxa8 Qxa8 
18.O-O Nfe5 19.Qf5+ Ke8 20.Ne6 Qb8 21.Nxg7+ Kd8 
22.Bc3 Bf6 23.Ne6+ Ke7 24.Bb4+ Kf7 25.Ng5+ Kg7 
26.Ne4 b6 27.Nxf6 Nxf6 28.Qg5+ Ng6 29.Bc3 Rf8 
30.h4 h6 31.Qg4 Kh7 32.Qh3 Ne4 33.Qd7+ Kg8 34.Qd5+ 
Kh7 35.Qxe4 Re8 36.Qd4 Qb7 37.Rad1 Re4 38.Qd7+ 
Qxd7 39.Rxd7+ Ne7 40.Rxa7 Kg6 41.g3 Nd5 42.Rg7+ 
Kh5 43.Bd4 Nb4 44.a3 Nc2 45.f3 Re6 46.a4 Nxe3 
47.Rf2 Nf5 48.g4+ Kxh4 49.gxf5 Re1+ 50.Kg2 Rb1 
51.Bb2 Rd1 52.Bf6+ Kh5 53.f4 b5 54.Kf3 Rh1 55.a5 
b4 56.a6 Rh3+ 57.Ke4 Re3+ 58.Kd5 {(offering draw) 
well done, as you can force a stalemate I thought 
not possible :-)}  1/2-1/2

[Event "HCL-E1560"]
[Site "www.playchess.de"]
[Date "2006.02.04"]
[Round "5"]
[White "Tarrega"]
[Black "Josef1901"]
[WhiteElo "1600"]
[BlackElo "1561"]
[PlyCount "65"]
[Result "1-0"]

1.e4 {hello again}  c6 {hi :-)}  2.d4 d5 3.e5 Bf5 
4.Nf3 e6 5.Be2 Ne7 6.O-O Ng6 7.c4 dxc4 8.Bxc4 Be7 
9.Qb3 Qb6 10.Be3 Qxb3 11.Bxb3 Nd7 12.Nc3 Nb6 
13.Rad1 O-O 14.h3 h5 15.Nh2 Rfd8 16.g4 hxg4 
17.hxg4 Bxg4 18.Nxg4 a5 19.a3 Nh4 20.Nh2 Nf5 
21.Ne4 Rd7 22.Nc5 Bxc5 23.dxc5 Nd5 24.Bc1 Rad8 
25.Ng4 Nh4 26.f4 Nf5 27.Kf2 Kf8 28.Rfh1 Ke7 29.Bc4 
a4 30.Ne3 Ndxe3 31.Rxd7+ Rxd7 32.Bxe3 g6 
33.Be2 1-0

[Event "HCL-E1544"]
[Site "www.playchess.de"]
[Date "2006.02.04"]
[Round "3"]
[White "hal1958"]
[Black "Eishockeytorwart"]
[WhiteElo "1444"]
[BlackElo "1949"]
[PlyCount "62"]
[Result "0-1"]

1.b4 {welcome to our 2 games}  Nf6 2.c4 e5 3.c5 d6 
4.cxd6 Bxd6 5.Bb2 O-O 6.e3 Bg4 7.Be2 Qd7 8.h3 Bxe2 
9.Nxe2 Qb5 10.a3 a5 11.Nbc3 Qc6 12.O-O axb4 
13.axb4 Rxa1 14.Qxa1 Bxb4 15.d4 exd4 16.Nxd4 Qb6 
17.Nce2 Nbd7 18.Rb1 Rb8 19.Ba3 Ra8 20.Rb3 c5 
21.Nc2 Qe6 22.Qb2 Ba5 23.Rxb7 Nb6 24.Bxc5 Qd5 
25.Rxb6 Qd1+ 26.Kh2 Bxb6 27.Nc3 Bc7+ 28.g3 Qd2 
29.Kg2 Be5 30.Bd4 Bxd4 31.exd4 
Rc8 0-1